000 00368pab a2200157 454500
008 180718b2013 xxu||||| |||| 00| 0 eng d
100 _aVir, Dharam
245 _aAudit reports - Looking beyond the scams
260 _c2013
300 _ap.19-21.
362 _a9 Mar
650 _aAudit
773 _aEconomic and Political Weekly
908 _aN
909 _a98519
999 _c98518
_d98518